Beauty is but skin deep (Record no. 117582)
[ view plain ]
| 000 -LEADER | |
|---|---|
| fixed length control field | 01418cam a2200217 4500 |
| 001 - CONTROL NUMBER | |
| control field | ABS67890 |
| 008 - FIXED-LENGTH DATA ELEMENTS--GENERAL INFORMATION | |
| fixed length control field | 040623n2004 000 0 eng u |
| 035 ## - SYSTEM CONTROL NUMBER | |
| System control number | (Sirsi) u126576 |
| 100 ## - MAIN ENTRY--PERSONAL NAME | |
| Personal name | Spring, M. |
| 245 ## - TITLE STATEMENT | |
| Title | Beauty is but skin deep |
| 260 ## - PUBLICATION, DISTRIBUTION, ETC. | |
| Date of publication, distribution, etc. | 2004 |
| 490 ## - SERIES STATEMENT | |
| Series statement | Building |
| Volume/sequential designation | 269(8337) 18 June 2004, 26-27(2) |
| 520 ## - SUMMARY, ETC. | |
| Summary, etc. | Examines the building failures that have recently hit the headlines, including the dramatic collapse of Terminal 2E of Charles de Gaulle airport in Paris. Considers whether building failures are becoming more common and notes that detailed information on this is difficult to obtain now there is no longer any systematic survey of building defects in Britain. There is no British equivalent of the French agency, Socatec, which technically audits designs based on the feedback it gets from insurance claims. Surveying in the building industry is becoming more competent in certain ways, such as the IT revolution making technical information more readily available. There are some problems including clients aspiring to more iconic architecture that sets out to be adventurous, but stretches technical competence to beyond its limits. |
| 590 ## - LOCAL NOTE (RLIN) | |
| Local note | ABS |
| 590 ## - LOCAL NOTE (RLIN) | |
| Local note | ABS |
| 650 ## - SUBJECT ADDED ENTRY--TOPICAL TERM | |
| Topical term or geographic name entry element | BUILT ENVIRONMENT-CONSTRUCTION DESIGN |
| 650 ## - SUBJECT ADDED ENTRY--TOPICAL TERM | |
| Topical term or geographic name entry element | CONSTRUCTION MANAGEMENT |
| 9 (RLIN) | 6230 |
| 650 ## - SUBJECT ADDED ENTRY--TOPICAL TERM | |
| Topical term or geographic name entry element | STRUCTURAL FAILURES |
| 690 ## - LOCAL SUBJECT ADDED ENTRY--TOPICAL TERM (OCLC, RLIN) | |
| Topical term or geographic name as entry element | BUILDING AND CONSTRUCTION-DEFECTS AND FAILURES |
| 942 ## - ADDED ENTRY ELEMENTS (KOHA) | |
| Suppress in OPAC | 0 |
| Withdrawn status | Lost status | Source of classification or shelving scheme | Damaged status | Not for loan | Home library | Current library | Shelving location | Date acquired | Total Checkouts | Full call number | Barcode | Date last seen | Copy number | Price effective from | Koha item type |
|---|---|---|---|---|---|---|---|---|---|---|---|---|---|---|---|
| Dewey Decimal Classification | London | London | Journal article | 24/06/2004 | ABS67890 | 126576-1001 | 06/08/2019 | 1 | 06/08/2019 | Journal article |